00642nam a2200217 a 4500001001300000003000900013005001700022008004100039020002300080082001800103100002800121245007100149260003900220300000900259500003500268505001700303650001800320650003800338650002000376700002800396nice12345678IN_TiNIC20260116013654.0050524s1991 newa grp 000 0 eng  a8185425 c10000a306.0954bKHU aKhubchandani, Lachman M aLanguage, Culture and Nation-Building, Challenges of Modernisation aNew DelhibManohar Publisherc1991 a125p aincludes index and biblioraphy2 aBibliography aCulture-India aIndia-Liguistic Plurality Culture aLanguages-India1 aKhubchandani, Lachman M